Educación para la emancipación : conferencias y conversaciones con Hellmut Becker 1959-1969 /

En esta serie de conferencias y conversaciones Adorno aborda los grandes desastres ocasionados por el nazismo y las dictaduras y valora la importancia de los sistemas educativos en la construcción de sociedades democráticas.

Na minha lista:
Detalhes bibliográficos
Autor principal: Adorno, Theodor W. (autor)
Outros Autores: Kadelbach, Gerd (edición) (edición), Becker, Hellmut (entrevista) (entrevista), Muñoz, Jacobo (traducción) (traducción)
Formato: Livro
Idioma:espanhol
Publicado em: Madrid, España : Morata, 1998, c1998
Colecção:(Raíces de la Memoria. Pedagogía)
Assuntos:
Tags: Adicionar Tag
Sem tags, seja o primeiro a adicionar uma tag!

MARC

LEADER 00000nam^a2200000^a^4500
001 000259438
005 20250521000000.0
009 20260310110407.557
020 |a 84-7112-423-8 
037 |a Acervo Xavier Clavigero 
041 |a ESP 
082 |a 370. 12  |b ADO 
100 |a Adorno, Theodor W.  |e (autor) 
245 1 0 |a Educación para la emancipación :  |b conferencias y conversaciones con Hellmut Becker 1959-1969 /  |c T.W. Adorno ; ed. y pról. de G. Kadelbach ; entrevista de H. Becker ; tr. por J. Muñoz. 
264 4 |a Madrid, España :  |b Morata,  |c 1998, c1998 
300 |a 135 p. 
336 |a texto  |b txt  |2 rdacontenido 
337 |a sin mediación  |b n  |2 rdamedio 
338 |a volumen  |b nc  |2 rdasoporte 
440 1 |a (Raíces de la Memoria.  |p Pedagogía) 
500 |a Traducción de: Erziehung zur Mündigkeit 
520 |a En esta serie de conferencias y conversaciones Adorno aborda los grandes desastres ocasionados por el nazismo y las dictaduras y valora la importancia de los sistemas educativos en la construcción de sociedades democráticas. 
649 |a XX 
650 |a Filósofos Alemanes -  |x Entrevistas 
650 |a Profesores -  |x Condiciones Sociales y Culturales 
650 |a Entrevistas Alemanas 
650 |a Práctica Educativa 
650 |a Finalidades de la Educación 
650 |a Política Educativa 
650 |a Democratización de la Educación -  |x Tema Principal 
650 |a Nazismo 
650 |a Totalitarismo 
650 |a Democracia 
650 |a Televisión -  |x Aspectos Sociales y Culturales 
650 |a Educación y Política 
650 |a Filosofía de la Educación -  |x Tema Principal 
650 |a Sociología de la Educación 
650 |a Escuela de Frankfurt 
650 |a Marxismo 
650 |a Filosofía del Siglo XX 
650 |a Adorno, Theodor W. 
700 |a Kadelbach, Gerd  |e (edición) 
700 |a Becker, Hellmut  |e (entrevista) 
700 |a Muñoz, Jacobo  |e (traducción) 
910 |a Fondo General 
920 |a Impresos - Libros 
930 |a Colección General 
905 |a 101 
901 |a 061372  |b IT1  |c ACC  |u 20250521 
902 |a https://opac.biblio.iteso.mx/vufind/Record/000259438